DENTAL TECHNIQUES : A COLOUR ATLAS OF ACID ETCH TECHNIQUE (Record no. 2693)

MARC details
000 -LEADER
fixed length control field 00352nam a2200133Ia 4500
082 ## - DEWEY DECIMAL CLASSIFICATION NUMBER
Classification number 617.52
Item number D1984M
100 ## - MAIN ENTRY--PERSONAL NAME
Personal name MURRAY,J.J.
245 ## - TITLE STATEMENT
Title DENTAL TECHNIQUES : A COLOUR ATLAS OF ACID ETCH TECHNIQUE
250 ## - EDITION STATEMENT
Edition statement 1ST
260 ## - PUBLICATION, DISTRIBUTION, ETC. (IMPRINT)
Name of publisher, distributor, etc WOLFE PUBLICATION
Place of publication, distribution, etc LONDON
Year of Publication 1984
300 ## - PAGE DESCRIPTION
No. of Pages Jan-64
650 ## - SUBJECT ADDED ENTRY--TOPICAL TERM
Topical term or geographic name as entry element PREVENTIVE AND COMMUNITY DENTISTRY
942 ## - ADDED ENTRY ELEMENTS (KOHA)
Source of classification or shelving scheme Dewey Decimal Classification
Koha item type Books
Holdings
Withdrawn status Lost status Source of classification or shelving scheme Damaged status Not for loan Home library Current library Date acquired Vendor Name Cost, normal purchase price Volume Information (Serial or Books or Non-Book Material) SGTU Total Checkouts Full call number Accession No. (Barcode) Date last seen Bill Date Koha item type
    Dewey Decimal Classification     SGT Dental Library SGT Dental Library 13/07/2003 U.B.S.DELHI 895.00 1 SGTU   617.52 D1984M FD1016 09/02/2015 10/02/2012 Books